Creencias de nuestros antepasados (notice nᵒ 5035)
[ vue normale ]
| 000 -Sello discográfico | |
|---|---|
| campo de control de longitud fija | 01283nam0a2200337 4500 |
| 005 - Identificación de versión | |
| campo de control | 20251016083952.0 |
| 010 ## - Número Estándar Internacional de Libros (ISBN) | |
| Número (ISBN) | 970-18-1111-9 |
| 035 ## - Otros números de control del sistema | |
| Número de control del sistema | 33027 |
| 099 ## - fechas locales | |
| Tipo de ítem Koha | LIBRO |
| 100 ## - Datos de procesamiento general | |
| Datos de procesamiento general | 20110920d1998 m y0spay5003 ba |
| 101 1# - Idioma del recurso | |
| Idioma del texto, banda sonora, etc. | Español; Castellano |
| -- | Inglés |
| -- | Lenguajes Maya |
| 105 ## - Campo de datos codificados: Material textual, monográfico | |
| Datos codificados de monografía | a 001zy |
| 200 1# - Título y mención de responsabilidad | |
| Título propio | Creencias de nuestros antepasados |
| Designación general del material | texto impreso |
| Primer mención de responsabilidad | Fotografía Maruch Sántiz Gómez |
| Declaración de responsabilidad subsiguiente | textos Hermann Bellinghausen, Carlota Duarte, Gabriela Vargas Cetina |
| 205 ## - Declaración de edición | |
| Declaración de edición | 1a ed |
| 210 ## - Publicación, distribución, etc. | |
| Lugar de publicación, distribución, etc. | México |
| Nombre del editor, distribuidor, etc. | Centro de la Imagen |
| -- | Centro de Investigaciones y Estudios Superiores en Antropología Social |
| -- | Casa de las Imagenes |
| Fecha de publicación, distribución, etc. | 2007 |
| 215 ## - Descripción física | |
| Designación de material específico y extensión del ítem | 107 p |
| Otras características físicas | principalmente fot. |
| Dimensiones | 21 cm |
| 300 ## - Notas generales | |
| Texto de la nota | 'Esta publicación fue posible gracias al patrocinio de la Fundación Ford' |
| 345 ## - Nota de información de adquisición | |
| Fuente de adquisición/dirección de la suscripción [OBSOLETO] | Donación 'Salon du Livre 2009' |
| 606 ## - Término temático usado como materia | |
| Elemento de entrada | Fotografía |
| Subdivisión geográfica | Chiapas (México) |
| Número Koha | 9845 |
| 606 ## - Término temático usado como materia | |
| Elemento de entrada | Fotógrafos |
| Subdivisión geográfica | Chiapas (México) |
| Número Koha | 9846 |
| 702 ## - Nombre personal - Responsabilidad secundaria | |
| Elemento de entrada | Bellinghausen |
| Parte del nombre distinta del elemento de entrada | Hermann |
| Fechas | 1953- |
| Número Koha | 9847 |
| 702 ## - Nombre personal - Responsabilidad secundaria | |
| Elemento de entrada | Duarte |
| Parte del nombre distinta del elemento de entrada | Carlota |
| Número Koha | 9848 |
| 702 ## - Nombre personal - Responsabilidad secundaria | |
| Elemento de entrada | Sántiz Gómez |
| Parte del nombre distinta del elemento de entrada | Maruch |
| Fechas | 1975- |
| Número Koha | 9849 |
| 702 ## - Nombre personal - Responsabilidad secundaria | |
| Elemento de entrada | Vargas Cetina |
| Parte del nombre distinta del elemento de entrada | Gabriela |
| Número Koha | 9850 |
| 801 #0 - Fuente de origen | |
| País | FR |
| 900 ## - | |
| -- | 1/20494 |
| 942 ## - ELEMENTOS DE ENTRADA SECUNDARIOS (KOHA) | |
| Tipo de ítem Koha | Livre |
| 996 ## - | |
| -- | MEX |
| -- | 751145101 |
| -- | MMAG |
| -- | 000382 |
| -- | 398.40 S235CR |
| -- | 20110920LIV |
| Estatus retirado | Estado de daño | Estado de pérdida | Fecha de adquisición | Biblioteca de origen | Biblioteca actual | Ubicación en estantería | Código de barras | Precio de reemplazo | Signatura topográfica completa | No para préstamo | Tipo de ítem Koha | Nota pública | Nota no pública |
|---|---|---|---|---|---|---|---|---|---|---|---|---|---|
| 05/08/2025 | Casa México Paris | Casa México Paris | 000382 | 05/08/2025 | 398.40 S235CR | Livre | 20110920LIV | 751145101 |